| 000 | 01102cam a2200301 a 4500 | ||
|---|---|---|---|
| 001 | 14616315 | ||
| 003 | OSt | ||
| 005 | 20171018144534.0 | ||
| 008 | 061030s2008 njua b 001 0 eng | ||
| 010 | _a 2006036247 | ||
| 020 | _a9780558314859 | ||
| 035 | _a(OCoLC)ocm74987854 | ||
| 035 | _a(OCoLC)74987854 | ||
| 040 |
_aDLC _cDLC _dBAKER _dC#P _dBTCTA _dYDXCP _dDLC |
||
| 050 | 0 | 0 |
_aT14.5 _b.T44 2009 |
| 082 | 0 | 0 |
_a303.48/3 _222 |
| 245 | 0 | 0 |
_aTechnology and society : _bissues for the 21st century and beyond / _cLinda S. Hjorth ... [et al.]. |
| 250 | _a3rd ed. | ||
| 260 |
_aUpper Saddle River, N.J. : _bPrentice Hall, _cc2009 |
||
| 300 |
_axiv, 376 p. : _bill. ; _c24 cm. |
||
| 504 | _aIncludes bibliographical references and index. | ||
| 650 | 0 |
_aTechnology _xSocial aspects. |
|
| 700 | 1 | _aHjorth, Linda S. | |
| 856 | 4 | 1 |
_3Table of contents only _uhttp://www.loc.gov/catdir/toc/ecip074/2006036247.html |
| 906 |
_a7 _bcbc _corignew _d1 _eecip _f20 _gy-gencatlg |
||
| 942 |
_2lcc _cBK |
||
| 999 |
_c51663 _d51663 |
||